000 00620nam a2200193 a 4500
001 000033949
005 20200930070641.0
008 110914s2010 dr 000 0 spa d
020 _a9789871696031
040 _aDO-SdBNP
_bspa
_cBNPHU
100 1 _aPrado, Manuel
_959404
245 1 3 _aLa guerra al Malón /
_cManuel Prado ; prólogo Osvaldo Bayer.
260 _aBuenos Aires, Argentina :
_bComisión Nacional de Bibliotecas Populares
_bEditorial Americana,
_c2010.
300 _a159 p. ;
_c22 cm.
490 1 _aDécadas
_v1
700 1 _aBayer, Osvaldo
_epról.
_959405
830 0 _aDécadas
_v1
_959406
049 _aBNPD
999 _c33440
_d33440